Zgadnij Europejski Kraj - Statystyki

Ogólne statystyki
  • Ten quiz został rozwiązany 26 razy
  • Średni wynik to 20 z 43
Statystyki odpowiedzi
Podpowiedź Kraj % Poprawnych
Największy kraj bez dostępu do morza Białoruś
81%
Najmniejszy kraj bez dostępu do morza Watykan
81%
Większy kraj który powstał po rozpadzie Czechosłowacji Czechy
75%
Kraje które leżą w Europie i Azji Rosja / Turcja
75%
Najczęściej odwiedzany kraj Francja
69%
Najbardziej oddalony kraj od jakiegokolwiek kraju Islandia
69%
Najmniejszy kraj z dostępem do morza Monako
69%
Najmniejszy kraj na A Andora
63%
Najszczęśliwszy kraj Finlandia
63%
Największy nieuznawany kraj oprócz katalonii Kosowo
63%
Jaki kraj posiadał Wrocław w XVIII Wieku Niemcy
63%
Z tego kraju pochodzi Cristiano Ronaldo Portugalia
63%
Nazwa tego kraju po angielsku to Niderlandy Holandia
56%
Z tego kraju pochodzi Święty Patryk Irlandia
56%
Ten kraj był częścią Rzeczypospolitej Obojga Narodów (Nie licząc Polski) Litwa
56%
Ma bardzo podobną flagę do flagi Holandii Luksemburg
56%
Najbardziej okrągły kraj (kształt państwa) Polska
56%
Największy bałkański kraj który leży w całości w Europie Rumunia
56%
W tym kraju jest aquapark Tatralandia Słowacja
56%
Dużo ludzi myli ten kraj ze Słowacją Słowenia
56%
Najmniejszy kraj składający się z dwóch słów w nazwie San Marino
50%
Najdroższy kraj Szwajcaria
50%
Ten Kraj Składa się z trzech słów w nazwie Bośnia
44%
Ten kraj ma wyspę Saaremaa Estonia
44%
Ma w swojej fladze kolor karminowy Łotwa
44%
Jakie kraje mają najdłuższą granicę Norwegia / Szwecja
44%
Ten kraj ma flagę na której występuje orzeł z dwójką głów Serbia / Czarnogóra / Albania
44%
W tym kraju powstały Smerfy Belgia
38%
Kraj który ma tylko biały i niebieski we fladze (nie licząc Finlandii) Grecja
38%
Ten kraj 30 Września 2018 roku zmienił swoją nazwę Macedonia
38%
Największy kraj w całości położony w Europie Ukraina
38%
Kraj składający się z 4 innych krajów Wielka Brytania
38%
Wygrał Eurowizję 2014 Austria
31%
Najgorętszy kraj w Europie Malta
31%
Jedyny kraj który ma różowy we fladze Hiszpania
25%
Najbogatszy kraj Liechtenstein
25%
W tym kraju jest najmniejsze miasto na świecie Chorwacja
19%
Kraj którego 2% powierzchni jest w Europie Dania
19%
Największy kraj bez linii metra Serbia
19%
Ten kraj ma 301 340 km2 Włochy
19%
Ten Kraj z powodu psa miał wojnę z Grecją Bułgaria
13%
Jaki jest tajemniczy kraj Mołdawia
0%
Najbiedniejszy kraj w UE Węgry
0%
Nie znaleziono quizów pasujących do podanych kryteriów
Rozkład punktacji
Procent ludzi z każdym wynikiem
Percentyl według liczby udzielonych odpowiedzi
Twoja historia wyników
Nie rozwiązałeś tego quizu